000 00354nam a2200157Ia 4500
003 OSt
005 20240306110955.0
008 170523s9999 xx 000 0 und d
020 _a978-9353167301
040 _ciimtu meerut
100 _aKHAN- MY
245 0 _aINDIAN FINANCIAL SYSTEMS
260 _bNEW DELHI THM
260 _c2004
942 _2ddc
_c02
999 _c1005
_d1005